[Event "Santo Antonio de Jesus Bahia op"]
[Site "Santo Antonio de Jesus"]
[Date "2022.07.10"]
[Round "6"]
[White "Cardoso, Victor Ribeiro Melo"]
[Black "Da Silva, Claus Benicio"]
[Result "1-0"]
[WhiteElo "1832"]
[BlackElo "1689"]
[PlyCount "121"]
[EventDate "2022.07.07"]
[EventType "swiss"]
[EventRounds "6"]
[EventCountry "BRA"]
[SourceTitle "CBM 209 Extra"]
[Source "ChessBase"]
[SourceDate "2022.09.30"]
[SourceVersion "1"]
[SourceVersionDate "2022.09.30"]
[SourceQuality "1"]

1. e4 c5 2. Nf3 g6 3. d4 cxd4 4. Nxd4 Nc6 5. c4 Bg7 6. Be3 d6 7. Nc3 Nf6 8. Be2 0-0 9. 0-0 Bd7 10. f3 Nxd4 11. Bxd4 Bc6 12. Rc1 a5 13. Qd2 Nd7 14. Be3 Nc5 15. Rfd1 a4 16. Qe1 Qa5 17. Kh1 f5 18. exf5 Rxf5 19. Bf1 Rf7 20. Bd2 Qd8 21. Rb1 Qd7 22. b4 axb3 23. axb3 Qf5 24. b4 Nd3 25. Qe3 Nf4 26. b5 Bd7 27. Qb6 Bc8 28. Ra1 Rxa1 29. Rxa1 Qc2 30. Qe3 d5 31. Rc1 Qf5 32. Qxf4 Qxf4 33. Bxf4 Bxc3 34. Rxc3 d4 35. Ra3 Rxf4 36. Ra8 Rf8 37. Rb8 Rd8 38. Bd3 Kf8 39. c5 Ke8 40. c6 bxc6 41. bxc6 Be6 42. c7 Rc8 43. Ba6 Kd7 44. Rxc8 d3 45. Rd8+ Kxc7 46. Rxd3 Kb6 47. Re3 Bd5 48. Bd3 e6 49. h4 Kc5 50. Be4 Kd4 51. Bxd5 Kxe3 52. Bxe6 h6 53. Bf7 g5 54. hxg5 hxg5 55. Kh2 Kf4 56. Be6 Ke5 57. Bc8 Kf4 58. Kh3 Ke5 59. Kg4 Kf6 60. Kh5 g4 61. Bxg4 1-0

[Event "Santo Antonio de Jesus Bahia op"]
[Site "Santo Antonio de Jesus"]
[Date "2022.07.09"]
[Round "4"]
[White "Cardoso, Victor Ribeiro Melo"]
[Black "De Lima, Carlos Alberto Ribe"]
[Result "1/2-1/2"]
[WhiteElo "1832"]
[BlackElo "1987"]
[PlyCount "91"]
[EventDate "2022.07.07"]
[EventType "swiss"]
[EventRounds "6"]
[EventCountry "BRA"]
[SourceTitle "CBM 209 Extra"]
[Source "ChessBase"]
[SourceDate "2022.09.30"]
[SourceVersion "1"]
[SourceVersionDate "2022.09.30"]
[SourceQuality "1"]

1. d4 d5 2. Nf3 Nf6 3. c4 c6 4. Nc3 e6 5. Bg5 Be7 6. e3 Nbd7 7. Bd3 dxc4 8. Bxc4 Nd5 9. Bxe7 Qxe7 10. 0-0 0-0 11. e4 N5f6 12. e5 Nd5 13. Ne4 Nf4 14. Qd2 Ng6 15. b4 a6 16. Nd6 Rd8 17. Ng5 Ndxe5 18. dxe5 Nxe5 19. Nxc8 Raxc8 20. Qc2 Qxg5 21. f4 Qg6 22. Qxg6 Nxg6 23. f5 exf5 24. Rxf5 Rc7 25. Raf1 Nh8 26. Bb3 g6 27. Rf6 Kg7 28. a4 Rd2 29. R6f3 Re7 30. Bc4 f5 31. b5 axb5 32. axb5 Nf7 33. Bxf7 Rxf7 34. g4 Rd5 35. bxc6 bxc6 36. Rc1 c5 37. Rfc3 Rc7 38. Rc4 Kf6 39. Kf2 fxg4 40. Rxg4 g5 41. Rgc4 h5 42. Ke3 Re7+ 43. Kf3 Rf5+ 44. Kg3 Re3+ 45. Kg2 Ree5 46. h3 1/2-1/2

[Event "Santo Antonio de Jesus Bahia op"]
[Site "Santo Antonio de Jesus"]
[Date "2022.07.08"]
[Round "3"]
[White "Araujo, Vanessa Mascarenhas"]
[Black "Cardoso, Victor Ribeiro Melo"]
[Result "0-1"]
[WhiteElo "1780"]
[BlackElo "1832"]
[PlyCount "63"]
[EventDate "2022.07.07"]
[EventType "swiss"]
[EventRounds "6"]
[EventCountry "BRA"]
[SourceTitle "CBM 209 Extra"]
[Source "ChessBase"]
[SourceDate "2022.09.30"]
[SourceVersion "1"]
[SourceVersionDate "2022.09.30"]
[SourceQuality "1"]

1. e4 c5 2. Nf3 Nf6 3. Nc3 d5 4. d3 d4 5. Ne2 Nc6 6. e5 Nd5 7. Bd2 Bg4 8. c3 Bxf3 9. gxf3 Nxe5 10. Nf4 Nxf4 11. Bxf4 Ng6 12. Bg3 e5 13. Bh3 a6 14. Qa4+ b5 15. Qc2 Bd6 16. Bg2 Rc8 17. a4 0-0 18. c4 b4 19. b3 f5 20. 0-0-0 f4 21. Bh3 fxg3 22. Bxc8 Qxc8 23. fxg3 Rxf3 24. Qg2 Qg4 25. Rdg1 e4 26. Qe2 e3 27. Rf1 Ne5 28. Rxf3 Qxf3 29. Qxf3 Nxf3 30. Rf1 e2 31. Rxf3 e1Q+ 32. Kc2 0-1